GCSE AQA design and technology: Textiles technology (Record no. 63895)

MARC details
000 -LEADER
fixed length control field 01605nam a2200241 a 4500
008 - FIXED-LENGTH DATA ELEMENTS--GENERAL INFORMATION
fixed length control field 201117s2014 ||||||||||||||||| || u
020 ## - INTERNATIONAL STANDARD BOOK NUMBER
International Standard Book Number 9781408502754
050 ## - LIBRARY OF CONGRESS CALL NUMBER
Classification number TS 1445 Dav
100 ## - MAIN ENTRY--PERSONAL NAME
Personal name Hardy, Liz
245 10 - TITLE STATEMENT
Title GCSE AQA design and technology: Textiles technology
Statement of responsibility, etc. By Denise Davies; Amanda Dick; Liz Hardy
260 ## - PUBLICATION, DISTRIBUTION, ETC.
Place of publication, distribution, etc. Oxford
Name of publisher, distributor, etc. Oxford University Press
Date of publication, distribution, etc. 2014
300 ## - PHYSICAL DESCRIPTION
Extent 176 pages: illustations
350 ## -
-- 41.98
650 ## - SUBJECT ADDED ENTRY--TOPICAL TERM
Topical term or geographic name entry element TEXTILE FABRICS
700 ## - ADDED ENTRY--PERSONAL NAME
Personal name Davies, Denise
700 ## - ADDED ENTRY--PERSONAL NAME
Personal name Dick, Amanda
995 ## -
-- KAPASA MAKASA LIBRARY OPEN ACCESS
-- 750684
-- CBU-KAPASA MAKASA LIBRARY (Chinsali)
-- 41.98
-- TS 1445 Dav
-- 6
-- AVAILABLE
-- Jan 20, 2021
-- 750684
-- Kapasa Makasa Library Open Acess Collection
995 ## -
-- MAIN LIBRARY OPEN ACCESS
-- 750563
-- CBU-MAIN LIBRARY (Kitwe)
-- 41.98
-- TS 1445 Dav
-- 4
-- AVAILABLE
-- Dec 10, 2020
-- 750563
-- Main Library Open Access Collection
995 ## -
-- KAPASA MAKASA LIBRARY OPEN ACCESS
-- 41.98
-- 750683
-- CBU-KAPASA MAKASA LIBRARY (Chinsali)
-- 41.98
-- TS 1445 Dav
-- 5
-- AVAILABLE
-- Jan 20, 2021
-- 750683
-- Kapasa Makasa Library Open Acess Collection
995 ## -
-- MEDICAL LIBRARY OPEN ACCESS
-- 905186
-- CBU-SCHOOL OF MEDICINE LIBRARY (Ndola)
-- 41.98
-- TS 1445 Dav
-- 1
-- AVAILABLE
-- Nov 23, 2020
-- 905186
-- Medical Library Open Access Collection
995 ## -
-- MAIN LIBRARY OPEN ACCESS
-- 750562
-- CBU-MAIN LIBRARY (Kitwe)
-- 41.98
-- TS 1445 Dav
-- 3
-- AVAILABLE
-- Dec 10, 2020
-- 750562
-- Main Library Open Access Collection
995 ## -
-- MAIN LIBRARY OPEN ACCESS
-- 750561
-- CBU-MAIN LIBRARY (Kitwe)
-- 41.98
-- TS 1445 Dav
-- 2
-- AVAILABLE
-- Dec 10, 2020
-- 750561
-- Main Library Open Access Collection
999 ## -
-- 63895
-- 63895
Holdings
Withdrawn status Lost status Source of classification or shelving scheme Damaged status Not for loan Permanent Location Current Location Shelving location Date acquired Total Checkouts Full call number Barcode Date last seen Copy number Price effective from Koha item type
          CBU-MAIN LIBRARY, KITWE. CBU-MAIN LIBRARY, KITWE.   02/01/2023   TS 1445 Dav 750563 02/01/2023 2 02/01/2023 MONOGRAPH
          CBU-MAIN LIBRARY, KITWE. CBU-MAIN LIBRARY, KITWE.   02/01/2023   TS 1445 Dav 750562 02/01/2023 5 02/01/2023 MONOGRAPH
          CBU-MAIN LIBRARY, KITWE. CBU-MAIN LIBRARY, KITWE.   02/01/2023   TS 1445 Dav 750561 02/01/2023 6 02/01/2023 MONOGRAPH
          CBU-SCHOOL OF MEDICINE LIBRARY, NDOLA. CBU-SCHOOL OF MEDICINE LIBRARY, NDOLA.   02/01/2023   TS 1445 Dav 905186 02/01/2023 4 02/01/2023 MONOGRAPH